01401nam a2200289 a 4500001001300000003000900013005001700022008004100039020001800080040002800098082002200126111009300148245022400241260005000465300006200515650005000577650005000627650005500677650003900732650006200771650005200833650006700885700005000952700004301002700003201045700003401077C01476999c-5CO-ViMGA20230915234239.0150417s2013 ck a gr 00010 spa d a9789587531138 aCO-ViMGAbspacCO-ViMGA04a709.86bS15g 2202 aSalón (inter) Nacional de Artistas "Saberdesconocer" (d2013 : cMedellín, Colombia)10aGuía a lo desconocido / c43 Salón (inter) Nacional de Artistas "Saberdesconocer", Colombia, Medellín, septiembre 6 a noviembre 3, 2013 ; traducciones Ana María Avellaneda, Andrew Ütt, Jimmy Weiskopf [y otro]. aMedellín : bMinisterio de Cultura, c2013. a355 páginas : bilustraciones, fotografías ; c21 cm.14aArte colombianov Exposicionesv Catálogos.14aArte conceptualv Exposicionesv Catálogos.14aArte contemporáneov Exposicionesv Catálogos.14aArtev Exposicionesv Catálogos.14aArtex Historia y críticav Exposicionesv Catálogos.14aArtistas plásticos colombianosv Entrevistas.14aArtistas plásticos colombianosv Exposicionesv Catálogos.1 aAlbarracín, Víctor, d1974-, etraductor.1 aAvellaneda, Ana María, etraductora.1 aÜtt, Andrew, etraductor.1 aWeiskopf, Jimmy, etraductor.